| 000 | 00902nac a22002291u 4500 | ||
|---|---|---|---|
| 008 | 100919t xxu||||| |||| 00| 0 eng d | ||
| 010 | _a 2005616746 | ||
| 020 | _a0749441917 | ||
| 082 | 0 | 0 |
_a658.4012 _bBLA |
| 100 |
_aBlackwell, Edward. _919473 |
||
| 245 | 1 | 0 |
_aHow to prepare a business plan / _cEdward Blackwell. |
| 250 | _aRev. 4th ed. | ||
| 260 |
_aLondon ; _aSterling, VA : _bKogan Page,2004 _c2004. |
||
| 300 |
_avi, 184 p. ; _c24 cm. |
||
| 490 |
_919472 _aThe Sunday Times Business Enterprise Guide |
||
| 500 | _aIncludes index. | ||
| 650 | 0 | 0 |
_aNew business enterprises _xPlanning. _919474 |
| 650 | 0 | 0 |
_aStrategic planning. _919475 |
| 650 | 0 | 0 |
_aProposal writing in business. _919476 |
| 942 |
_cBB _k658.4012BLA _2ddc |
||
| 999 |
_c2320 _d2320 |
||